000 00633nam a2200193 a 4500
005 20241029063714.0
008 040308s2003 mx r 000 0 spa d
020 _a8478273123
035 _aUPN01000149041
049 _aCG
050 4 _aGV361
_bE3.82
245 0 3 _aLa educación física desde una perspectiva interdisciplinar /
_cElies Allès ... [et al.].
260 _aBarcelona, Esp. :
_bGraó :
_bLaboratorio Educativo,
_c2003.
300 _a114 p.
440 0 _aClaves para la innovación educativa ;
_v24
650 4 _aEducación física
_xEstudio y enseñanza
_94839
700 1 _aAllès, Elies,
_ecoaut.
905 _aLibro
999 _c121182
_d121182